000 00346 a2200157 4500
001 195217
020 _a978-85-394-1714-8
040 _cMagnum
100 _aSaint-Exupery, Antoine de
240 1 0 _aO pequeno príncipe
_lpor
245 1 0 _aO pequeno príncipe
300 _a79
362 0 _a2015
697 _aLITERATURA INFANTO
942 _cBK
999 _c195217
_d195217